| 000 | 00709nam a2200253Ia 4500 | ||
|---|---|---|---|
| 003 | OSt | ||
| 005 | 20220928112211.0 | ||
| 006 | a|||||r|||| 00| 0 | ||
| 007 | ta | ||
| 008 | 220927b |||||||| |||| 00| 0 eng d | ||
| 020 | _c0 | ||
| 024 | _a112125 | ||
| 037 |
_bGIFT, 15/07/2011, Gift _cTextual |
||
| 040 |
_aSDCL _cSDCL _beng |
||
| 041 |
_2eng _aeng |
||
| 082 | _aB23:7, P9 | ||
| 100 |
_aSzamuely Tamas _9426788 |
||
| 245 | 0 | _aGalois groups and fundamental groups. | |
| 260 |
_aNew Delhi _bCambridge University Press _c2010 |
||
| 300 |
_aix,270p. _ccm. |
||
| 650 |
_aGift _9391569 |
||
| 942 |
_hB23:7, P9 _cTEXL _2CC |
||
| 999 |
_c743707 _d743707 |
||